LEADER 00988cam0 2200265 450 001 E600200069022 005 20200331085828.0 100 $a20101122d2000 |||||ita|0103 ba 101 $aita$afre 102 $aIT 200 1 $aTeatro e teatralità nell'opera di Casanova$fAntonia Lezza 210 $aS. l.$cs. n.$dstampa 2000 215 $a63 p.$d24 cm 225 2 $aCentro Studi sul Teatro Napoletano Meridionale ed Europeo$hQuaderni$v1 410 1$1001LAEC00022139$12001 $a*Centro Studi sul Teatro Napoletano Meridionale ed Europeo. Quaderni$v1 700 1$aLezza$b, Antonia$3A600200029537$4070$0174465 801 0$aIT$bUNISOB$c20200331$gRICA 850 $aUNISOB 852 $aUNISOB$j790$m152291 912 $aE600200069022 940 $aM 102 Monografia moderna SBN 941 $aM 957 $a790$b000310$gSi$d152291$rdono$1catenacci$2UNISOB$3UNISOB$420101122131923.0$520200331085706.0$6Alfano 996 $aTeatro e teatralità nell'opera di Casanova$91700273 997 $aUNISOB